LEADER 01233nam a2200289 i 4500 001 000000152456 003 CaOOAMICUS 005 20181029124724.0 008 060809s1930 xx u000 u fre u 013 $a129797 040 $aSeMil$bita 100 1 $aVaganay, Léon.$0(OLS)http://semarc/name/47668 245 12$aL'Évangile de Pierre /$cpar Léon Vaganay ; préface par le R. P. M. J. Lagrange. 260 $aParis :$bGabalda,$c1930. 260 $aParis :$bLibrairie Victor Lecoffre,$c1930. 300 $aXXIII, 357 p. ;$c25 cm. 490 0 $aÉtudes Bibliques [Gabalda] 500 $aContiene : Bibliographie. 650 4$aBibbia - Apocrifi NT - Vangelo di Pietro.$0(OLS)http://semarc/subject/16690 700 1 $aLagrange, Marie-Joseph,$c.$0(OLS)http://semarc/name/3538 830 0$aÉtudes bibliques.$0(OLS)http://semarc/title/419576 850 $aSeMil 852 $aSeMil$W1$xVenegono$y1$m2Y IV 69$j104410$B104410$CSeMilBibl$Z2$F113461 $81 996 $6245$aL'Évangile de Pierre$9(OLS)http://semarc/title/222916 996 $6260$aParis :$bLibrairie Victor Lecoffre$9(OLS)http://semarc/publisher/31879 996 $6260$aParis :$bGabalda$9(OLS)http://semarc/publisher/29624 LEADER 01069nam a2200277 i 4500 001 000000221787 003 CaOOAMICUS 005 20130808000000.0 008 130808s1993 it u000 u ita u 013 $a200684 020 $a88-16-43060-5 040 $aSeMil$bita 100 1 $aBrito, Emilio,$d<1942- >.$0(OLS)http://semarc/name/4758 245 10$aFilosofia della religione /$cEmilio Brito. 260 $aMilano :$bJaca Book,$c1993. 300 $a110 p. ;$c19 cm. 490 0 $aEDO : un'enciclopedia d'orientamento ;$v60 500 $aContiene : Bibliografia. 650 4$aFilosofia della religione.$0(OLS)http://semarc/subject/504 830 0$aEDO ;$v60.$0(OLS)http://semarc/title/10304 850 $aSeMil 852 $aSeMil$W1$xVenegono$y1$m2R I 103$j172136$B172136$CSeMilBibl$Z2$F183435 $81 961 $aOmaggio: Conti don Ermenegildo 996 $6020$a88-16-43060-5$9(OLS)http://semarc/number/221000 996 $6245$aFilosofia della religione$9(OLS)http://semarc/title/23047 996 $6260$aMilano :$bJaca Book$9(OLS)http://semarc/publisher/29781